ध्वनि सिद्धांत (Record no. 1014172)

MARC details
000 -LEADER
fixed length control field 01086nam a2200265Ia 4500
003 - CONTROL NUMBER IDENTIFIER
control field OSt
005 - DATE AND TIME OF LATEST TRANSACTION
control field 20221005104919.0
008 - FIXED-LENGTH DATA ELEMENTS--GENERAL INFORMATION
fixed length control field 221004b |||||||| |||| 00| 0 hin d
020 ## - INTERNATIONAL STANDARD BOOK NUMBER
International Standard Book Number 9788189399900 (hbk)
037 ## - SOURCE OF ACQUISITION
Terms of availability Textual
040 ## - CATALOGING SOURCE
Original cataloging agency CRL
Transcribing agency CRL
Language of cataloging hin
041 ## - LANGUAGE CODE
Source of code hin
Language code of text/sound track or separate title hin
100 ## - MAIN ENTRY--PERSONAL NAME
Personal name शर्मा, कृष्ण कुमार
245 #0 - TITLE STATEMENT
Title ध्वनि सिद्धांत
Remainder of title एक नया मूल्यांकन
246 ## - VARYING FORM OF TITLE
Title proper/short title Dhvani siddhāanta: ek nayā mūlyāankana
260 ## - PUBLICATION, DISTRIBUTION, ETC.
Place of publication, distribution, etc. दिल्ली
Name of publisher, distributor, etc. सुभद्रा पब्लिशर्स भारत
Date of publication, distribution, etc. 2016
300 ## - PHYSICAL DESCRIPTION
Extent 312पृ0
Dimensions cm.
700 ## - ADDED ENTRY--PERSONAL NAME
Personal name नन्दवाना, नवीन, संपा.
942 ## - ADDED ENTRY ELEMENTS (KOHA)
Classification part P152:1, Q6
Koha item type Textual
Source of classification or shelving scheme
Holdings
Withdrawn status Lost status Damaged status Not for loan Home library Current library Date acquired Source of acquisition Total Checkouts Full call number Barcode Date last seen Date last checked out Price effective from Koha item type
        Central Library Central Library 2022-10-05 290, 07/03/2017, Eastern Book Linkers 1 P152:1 Q6 CL1640017 2026-02-10 2025-12-15 2022-10-05 Textual
Copyright @ Delhi University Library System